| 000 | 00372nam a2200133Ia 4500 | ||
|---|---|---|---|
| 005 | 20260328101459.0 | ||
| 008 | 260328s9999||||xx |||||||||||||| ||und|| | ||
| 100 | _aBanco Central Hipotecario | ||
| 245 | 0 |
_aCentro Comercial Niza : _b Concurso arquitectónico / _cBanco Central Hipotecario |
|
| 260 | _bEscala | ||
| 300 | _a35 p. | ||
| 650 | _aARQUITECTURA CIVIL | ||
| 942 | _cBK | ||
| 999 |
_c8920 _d8920 |
||